| 000 | 00432nam a2200169Ia 4500 | ||
|---|---|---|---|
| 008 | 260330s2020 xx 000 0 und d | ||
| 020 | _a978-0-143-47-527-9 | ||
| 041 | _aeng | ||
| 082 |
_a158.1 _bSSK |
||
| 100 | _aSINGH SHUBHAM KUMAR | ||
| 245 | _aYOU BECOME WHAT YOU THINK | ||
| 260 |
_aPune _bPENGUIN BOOKS LTD. PUNE _c2020 |
||
| 300 |
_a190pg _bPB |
||
| 365 | _cRs. | ||
| 650 | _aSelf-Help | ||
| 700 | _aSINGH SHUBHAM KUMAR | ||
| 999 |
_c1218224 _d1218224 |
||